Mykoparazitizmus a produkcia prostaglandínov u vláknitej huby Trichoderma atroviride diplomová práca
Uložené v:
| Hlavný autor: | |
|---|---|
| Médium: | Kniha |
| Jazyk: | English |
| Vydavateľské údaje: |
Bratislava
STU FCHPT
2013
|
| On-line prístup: | View in OPAC |
| Tagy: |
Žiadne tagy, Buďte prvý, kto otaguje tento záznam!
|
MARC
| LEADER | 00000nam a2200000 a 4500 | ||
|---|---|---|---|
| 005 | 20260127134331.0 | ||
| 008 | 130715 000 0 eng d | ||
| 035 | |a vtls010527449 | ||
| 039 | 9 | |a 201307151455 |b mschk03 |c 201307151453 |d mschk03 |c 201307151050 |d mschk03 |y 201307151048 |z mschk03 | |
| 040 | |a STUSCHK1 |b slo |c STUSCHK1 |e AACR2 | ||
| 100 | 1 | |a Toporová, Lucia | |
| 245 | 1 | |a Mykoparazitizmus a produkcia prostaglandínov u vláknitej huby Trichoderma atroviride |b diplomová práca |c Lucia Toporová | |
| 260 | |a Bratislava |b STU FCHPT |c 2013 | ||
| 300 | |a s. |b il. |c 30 cm | ||
| 500 | |a Obhájené: 12.06.2013 | ||
| 500 | |a Štud. odbor: biotechnológie | ||
| 500 | |a Miesto vypracovania: Oddelenie biochémie a mikrobiológie | ||
| 500 | |a Evid. číslo: 5421-50142 | ||
| 910 | |a SCHK95 | ||
| 999 | |c 10108 |d 10108 | ||